Quizzes
Events
Quiz Creation
Community
Videos
Private Events
Remove Ads
Sign In
Join for FREE
Feedback
Dark Mode
Quiz Categories
Sports
Geography
Music
Movies
Television
Just For Fun
Miscellaneous
History
Literature
Language
Science
Gaming
Entertainment
Religion
Holiday
For Kids
Quiz Lab
Recent
Popular Today
Quiz Kudos Today
Editor Picks
Curator Picks
Quizzes by...
Day
Popularity
Type
Ratings
Length
Year
Community
Subscriptions
Recent Discussions
Orange Saloon
Badges
Playlists
Quests
Create
Leaderboards
Showdown
Live 5
Trivia Bingo
Activity
Puzzle Library
Sporcle Events
Private Events
Virtual Trivia
Globe League
Become a Host
Pub Owners
SporcleCon
Opinionation
Our Games
Videos
Blog
Mobile Apps
Partnerships
Remove Ads and Go Orange
Feedback
Geography
Country
Landmarks
City
State
Population
World
Capital
Continent
Flags
Europe
Africa
Asia
South America
North America
Oceania
Border
Canada
United Kingdom
Topography
United States
Geography
Country
Landmarks
City
State
Population
World
Capital
Continent
Flags
Europe
Africa
Asia
South America
North America
Oceania
Border
Canada
United Kingdom
Topography
United States
Random Quiz
Search Sporcle
×
Quiz Lab
Quiz Lab
Geography
Population
Type in answers that appear in a list
Type in answers that appear in a list
Classic
Best Score? Go Orange.
Missouri's top cities alphabetically Stats
Can you name the Missouri's top cities alphabetically?
By
canadasmoustache
6m
20 Questions
96 Plays
96 Plays
96 Plays
Comments
Comments
Give Quiz Kudos
Give Quiz Kudos
-
- Ratings
hide this ad
More Info
Forced Order
Answers have to be entered in order
Answers have to be entered in order
Replay
Link that replays current quiz
Next Quiz
Link to next quiz in quiz playlist
You Got
0%
They Got
Avg Score
54%
Avg Friend Score
Upgrade to see
Score Distribution
Jump to the score distribution portion of the page
Score
0/20
Timer
06:00
0
Plays Today
City
% Correct
Kansas City
88.5%
St. Louis
87.5%
Springfield
76%
Independence
72.9%
Columbia
69.8%
Joplin
67.7%
Jefferson City
63.5%
St. Joseph
63.5%
St. Charles
61.5%
Cape Girardeau
51%
City
% Correct
Lee's Summit
50%
Blue Springs
45.8%
Florissant
44.8%
Chesterfield
42.7%
St. Peters
42.7%
O'Fallon
38.5%
Raytown
34.4%
Ballwin
33.3%
Wildwood
29.2%
University City
28.1%
Quiz Playlist
Details
Report
Send in Message
Add To Playlist
More Info:
Try to guess the top 20 cities of Missouri in alphabetical order in 6 minutes. Updated with 2010 Census info.
Classic:
Type in answers that appear in a list
Forced Order:
Answers have to be entered in order
Quiz Source
Last Updated: Feb 16, 2017
Quiz Scoreboard
CHALLENGE
Sign Up to Join the Scoreboard
Show All
Scores
Hide
Comments
May contain spoilers
Recently Published
NBA Finals Game Top Scorers (2010s)
by flibbidy
Sports
5m
Guess the 'R' Things in 3 Words
by MSUKent
Miscellaneous
3m
Actor to Badly Drawn Movie III
by MoMosMoProblems
Movies
5m
More to Explore
Quiz From the Vault
Featured Blog Post
Where Does Lost Luggage Go?
hide this ad
You Might Also Like...
Tags
Alphabet Quiz
City Quiz
Population Quiz
missouri
Today's Top Quizzes in Geography
Browse Geography
hide this ad
Today's Top Quizzes in Population
Browse Population
Top Contributed Quizzes in Geography
1
Countries of the World - No Outlines Minefield
2
Find the Landmarks A-Z
3
Lietuvos savivaldybės (Lithuanian Municipalities)
4
Blind Ultimate Minefield: World
5
Ultimate Geography Challenge 'A'
6
Find the US States - No Outlines
7
3, 2, 1 or 0: Land Borders
8
Complete the Map Snippet (Minefield) IX
9
Complete the Map Snippet (Minefield) X
10
Nickname Match: U.S. States
Explore More
Trending Topics
Marvel
Anime
NBA
Disney
Harry Potter
Kpop
Crossword
Pokémon
NFL
Puzzle
Soccer
Song
WWE
The Office
Country
hide this ad
More By:
canadasmoustache
Quiz
Plays
Rating
Category
Featured
Created
African Countries Border Blitz
110,831
4.18
Geography
Apr 10, 2011
Montana Cities
36,089
4.37
Geography
Dec 4, 2010
10 largest world cities in 1900
4,644
3.08
Geography
Nov 10, 2010
Idaho Cities
2,563
4.73
Geography
Dec 14, 2010
25 Most Populous California Cities (Clickable)
2,327
4.40
Geography
Mar 29, 2012
Go to Creator's Profile
Score Distribution
Quiz Creator Spotlight
canadasmoustache
Follow
Send a Message
Quizzes Created
-
Created Quiz Play Count
-
More By This Creator
Popular Quizzes Today
1
Find the US States - No Outlines Minefield
2
Find the US States
3
The Countries of the World
4
10 Largest US States in Order
5
Find the Countries of Europe - No Outlines Minefield
6
US States
7
Guess the 'R' Things in 3 Words
8
NBA Finals Game Top Scorers (2010s)
More Geography Quizzes
Prove You Aren't a Robot - Oceania 'M' Countries
Quiz Lab
Trending Quizzes
First Name TV: Leading Men
Match the Book to the Film II
First Name TV: Leading Women Drama
3-Word Movies in 1 Word II
Match the Book to the Film VI
Recently Updated
Women's Final Four Teams by Year
bhenderson79
Presidents Quartet II
eogle
Anything But Clue(do)
eogle
Anything But Oceanian Capitals
eogle
Anything But 7
eogle
Anything But Thing
eogle
Word Ladder: February 29
pecheneg
Song Title Questions
pecheneg
Women's NCAA Tournament #1 Seeds
pecheneg
Celebrity Mug Shots
pecheneg
Trending Topics
Harry Potter
Kpop
Anime
Disney
Marvel
Crossword
NBA
Country
WWE
Soccer
Pokémon
The Office
Puzzle
NFL
Song
Your Account Isn't Verified!
In order to create a playlist on Sporcle, you need to verify the email address you used during registration. Go to your
Sporcle Settings
to finish the process.
Report this User
Report this user for behavior that violates our
Community Guidelines
.
Details:
Send Report
Go to the Sporcle.com Mobile Site →
Comments